1613 1937 1252 1740 1228 1202 1908 1411 1568 1844 1449 1707 1101 1455 1998 1315 1367 1009 1983 1188 1785 1426 1912 1677 1368 1048 1285 1916 1927 1752 1059 1534 1318 1046 1291 1512 1625 1769 1776 1016 1968 1961 1822 1639 1246 1672 1458 1733 1748 1077 1013 1114 1527 1176 1329 1446 1258 1549 1281 1828 1578 1834 1704 1813 1345 1490 1479 1998 1489 1309 1367 1114 1160 1705 1851 1970 1032 1465 1370 1188 1167 1074 1284 1653 1246 1591 1716 1238 1369 1318 1477 1649 1091 1245 1391 1177 1112 1204 1325 BCNSPRNW ULIB Ver.6.0+V

เปลี่ยนเป็นภาษาไทย

Change to English
 แสดงรายละเอียดบรรณานุกรม
  กลับหน้าหลัก

Brief Record : Get Marc (ISO 2709) : E-mail record : QR code < ปิดหน้าต่าง
LEADER : 00000nam 2200000uu 4500
001    13399109602
003     ULIB
008    110405s2552||||th 000 0 tha d
020    9786117030062
060 04 WB537^bช572พ 2552
100 0  ชินแสนที
245 10 พลังนิ้วกดจุดบำบัดโรค :^bคู่มือศาสตร์กดจุดสะท้อนฝ่าเท้า 5,000ปี /^c ชินแสนที
250    พิมพ์ครั้งที่ 1
260    กรุงเทพฯ :^bอนิเมทกร๊ป,^c2552
300    หน้า :^bภาพประกอบ ;^c30 ซม.
650  7 การกดจุด
650  7 การนวด
945    ^p99^l0^i027737
995    ทศพร
999 ^a ใช้งานได้ทุกระบบ
รายการนี้ยังไม่มีแท็ก
คุณยังไม่ได้ล็อกอิน คุณสามารถมีกิจกรรมร่วมกับเว็บไซต์ได้ แต่ต้องล็อกอินก่อน ::
  ล็อกอิน

รายการสื่อสารสนเทศ

ลำดับที่ ประเภท เลขเรียก/บาร์โค้ด สถานที่ สถานะ
- ไม่พบข้อมูล -

รายการใกล้เคียง
    ผู้แต่ง [ชินแสนที]

    หัวเรื่อง [การกดจุด]
    หัวเรื่อง [การนวด]

BibComment


ยังไม่เคยถูกคอมเมนท์

คอมเมนท์ทรัพยากรรายการนี้
  คอมเมนท์: พลังนิ้วกดจุดบำบั..


 Copyright 2026. Bcnsprnw @Library